Statistics for Fast Food Brand Logos

Click here to take the quiz!

General Stats

  • This quiz has been taken 3,268 times
    (3,265 since last reset)
  • The average score is 11 of 12

Answer Stats

Answer% Correct
KFC
99%
Dominos
98%
McDonald's
98%
Taco Bell
98%
Burger King
97%
Pizza Hut
97%
Subway
97%
Dunkin Donuts
94%
Wendy's
94%
Chick-Fil-A
79%
Arby's
71%
Big Boy
54%

Score Distribution

Percentile by Number Answered

Percent of People with Each Score

Your Score History

You have not taken this quiz since the last reset